<?xml version="1.0" encoding="UTF-8"?><?xml-stylesheet type="text/xsl" href="static/style.xsl"?><OAI-PMH xmlns="http://www.openarchives.org/OAI/2.0/" xmlns:xsi="http://www.w3.org/2001/XMLSchema-instance" xsi:schemaLocation="http://www.openarchives.org/OAI/2.0/ http://www.openarchives.org/OAI/2.0/OAI-PMH.xsd"><responseDate>2026-04-28T21:23:06Z</responseDate><request verb="GetRecord" identifier="oai:uvadoc.uva.es:10324/67149" metadataPrefix="marc">https://uvadoc.uva.es/oai/request</request><GetRecord><record><header><identifier>oai:uvadoc.uva.es:10324/67149</identifier><datestamp>2024-04-11T19:02:47Z</datestamp><setSpec>com_10324_38</setSpec><setSpec>col_10324_852</setSpec></header><metadata><record xmlns="http://www.loc.gov/MARC21/slim" xmlns:doc="http://www.lyncode.com/xoai" xmlns:xsi="http://www.w3.org/2001/XMLSchema-instance" xmlns:dcterms="http://purl.org/dc/terms/" xsi:schemaLocation="http://www.loc.gov/MARC21/slim http://www.loc.gov/standards/marcxml/schema/MARC21slim.xsd">
<leader>00925njm 22002777a 4500</leader>
<datafield tag="042" ind1=" " ind2=" ">
<subfield code="a">dc</subfield>
</datafield>
<datafield tag="720" ind1=" " ind2=" ">
<subfield code="a">Vilda González, Marina</subfield>
<subfield code="e">author</subfield>
</datafield>
<datafield tag="260" ind1=" " ind2=" ">
<subfield code="c">2024</subfield>
</datafield>
<datafield tag="520" ind1=" " ind2=" ">
<subfield code="a">El mundo evoluciona constantemente, y es importante adaptarnos a esos cambios. Por ello,&#xd;
el Trabajo de Fin de Grado, titulado “Integrando los Objetivos de Desarrollo Sostenible (ODS)&#xd;
en Educación Infantil en un centro bilingüe”, refleja la investigación realizada para acercar a&#xd;
docentes y criaturas de Educación Infantil a los ODS. Se examinan los ODS desde sus inicios&#xd;
hasta la actualidad, analizando su aplicación en España, específicamente en la Comunidad de&#xd;
Castilla y León, y, por ende, en el aula.&#xd;
Dada la escasez de herramientas para abordar los ODS en el 2º ciclo de Educación Infantil,&#xd;
se presenta una propuesta de intervención para implementar estos objetivos con los niños y niñas&#xd;
de esas edades, ayudándonos del inglés también. A través de la propuesta descrita en este TFG,&#xd;
se busca fomentar valores, actitudes y aptitudes necesarios para mejorar las relaciones sociales y&#xd;
los hábitos de vida, contribuyendo así a un presente y futuro sostenible y a la consecución de los&#xd;
ODS para 2030.</subfield>
</datafield>
<datafield tag="024" ind2=" " ind1="8">
<subfield code="a">https://uvadoc.uva.es/handle/10324/67149</subfield>
</datafield>
<datafield tag="245" ind1="0" ind2="0">
<subfield code="a">Integrando los Objetivos de Desarrollo Sostenible (ODS) en Educación Infantil en un centro bilingüe</subfield>
</datafield>
</record></metadata></record></GetRecord></OAI-PMH>